| 000 | 00633nam a22002057a 4500 | ||
|---|---|---|---|
| 999 |
_c16950 _d16950 |
||
| 003 | AR-CdUCM | ||
| 008 | 190506b ||||| |||| 00| 0 spa d | ||
| 040 |
_aMUNICIPALIDAD PROVINCIAL DEL CUSCO _cBIBLIOTECA MUNICIPAL DEL CUSCO |
||
| 082 |
_a759.6 / _bE56 |
||
| 100 |
_aEncina, Juan de la _936715 |
||
| 245 | _aLa pintura española / | ||
| 260 |
_aMéxico : _bFondo de Cultura Económica, _c1951. |
||
| 300 |
_a207 paginas ; _bIlustraciones, _c18 cm. |
||
| 505 | _aContenido :Pintura española / | ||
| 650 |
_aArte _9561 |
||
| 650 |
_aPintura _93081 |
||
| 650 |
_aEspaña _9176 |
||
| 942 |
_2ddc _cLIBROS |
||
| 945 |
_arjall _d2019-05-06 |
||